000 00920nas a2200265 4500
001 BR2014004950
003 BR-BrBNA
005 20231205124341.0
007 ta
008 230509b bl.|||p| |||| 00| 00por d
040 _aBR-BrBNA
_bpor
_cBiblioteca Nacional de Agricultura
041 _a(Pt)
072 _aP33; F04
100 1 _aNolla, A.
100 1 _aAnghinoni, I.
245 1 _aAtividade e especiação química na solução afetadas pela adição de fósforo em latossolo sob plantio direto em diferentes condições de acidez
650 _aPLANTIO DIRETO
650 _aFERTILIZANTE FOSFATADO
650 _aQUÍMICA
650 _aSOLO
773 0 _tRevista Brasileira de Ciência do Solo (Brazil)
_xISSN 0100-0683
_g(Nov-Dec 2006), v. 30(6) p. 955-963
_wBR2014004950
856 4 0 _uhttp://www.scielo.br/pdf/rbcs/v30n6/a05v30n6.pdf
909 _a202311
_bLúcia
_c55
_dLúcia Elande
942 _2AGRIS
_n0
_cANA
999 _c238617
_d238617